| 000 | 00547nam a22001697a 4500 | ||
|---|---|---|---|
| 005 | 20160812151719.0 | ||
| 010 | _aENG-115747 | ||
| 020 |
_a9789381346457 _c300.00 |
||
| 037 | _bDBAD/PUB | ||
| 082 | _a401 | ||
| 100 | _aGanguly, Shubhasree | ||
| 245 |
_aLinguistic Norms the reception of advertisements / _cby Shubhasree Ganguly ; foreword by Dasgupta, Prabal |
||
| 260 |
_aKolkata _b Gangchil _c2012 |
||
| 270 |
_aMatir Bari,Onkar Park,Ghola Bazar _bKolkata _e700111 |
||
| 300 |
_a86p. _c21cm(Hb) |
||
| 942 |
_2ddc _cEN _h401 _mGAN |
||
| 999 |
_c102274 _d102274 |
||